| 000 | 00445nam a2200181Ia 4500 | ||
|---|---|---|---|
| 003 | GCL | ||
| 008 | 140319s9999 xx 000 0 eng d | ||
| 040 |
_aGCL / _cGCL |
||
| 082 | 0 | 4 |
_a617.07 _bR A |
| 100 | 1 | _aROSAI, JUAN | |
| 245 | 1 | 0 |
_aACKERMAN'S SURGICAL PATHOLOGY / _cROSAI, JUAN |
| 260 |
_a[S.N] : _bMASBY ، _c1996 |
||
| 300 | _a1318 P P | ||
| 650 | 0 | 4 | _aSURGERY |
| 650 | 0 | 4 | _aPATHOLOGY |
| 650 | 0 | 4 | _aSURGERY PATHOLOGY |
| 942 |
_2ddc _cBK |
||
| 999 |
_c11314 _d11314 |
||